000
00303nam a2200133Ia 4500
008
190723s9999 xx 000 0 und d
020
_a
978-0691-16516-5
100
_a
Richard L. Gregory
245
0
_a
Eye and Brain
250
_a
5th
260
_a
UK
_b
Princeton
_c
1997
300
_a
277:p
942
_c
BK
999
_c
1543
_d
1543